Les pays contenant entre 10 % et 20 % de catholiques - Statistiques

Statistiques générales
  • Ce quiz a été pris 13 fois
  • Le résultat moyen est 4 sur 12
Statistiques - réponses
Hint Réponse % Correct
14,0 % Nigeria
92%
18,0 % Burkina Faso
42%
13,7 % Namibie
42%
12,8 % Ghana
33%
19,6 % Îles Salomon
33%
18,0 % Papouasie-Nouvelle-Guinée
33%
12,4 % Vanuatu
33%
11,0 % Guyana
25%
19,4 % Samoa
25%
10,0 % Antigua-et-Barbuda
17%
13,5 % Bahamas
17%
15,0 % Bermudes
17%
Aucun quiz correspondant
Distribution des résultats
% des personnes avec chaque résultat
Percentile par nombre de réponses
Votre historique - résultats
Vous n’avez pas pris ce quiz